000 00767nam a2200229Ii 4500
003 JO-AjNU
008 230605s9999||||xx |||||||||||||| ||und||
017 _a2001/147000
020 _a977-208-356-6
040 _aJO-AjNU
_bara
_erda
_cJO-AjNU
041 _aara
050 1 4 _aDS116.A3538 2002
100 3 _aتاليف صبحي، أحمس حسن,
_eauthor
_914904
245 0 0 _aالمسلمون والمسيحيون تحت الحصار اليهودي
250 _aط1
264 3 1 _aالقاهرة: مكتبة مدبولي، 2002
300 _a253ص
336 _atext
_btxt
_2rdacontent
337 _aunmediated
_bn
_2rdamedia
338 _avolume
_bnc
_2rdacarrier
650 4 _aاليهود-تاريخ ، المسلمون والمسيحية-اليهود
_914905
999 _aA4086
_c7654
_d7654